Entre brujas, picaros y consejos /
Guardado en:
| Hovedforfatter: | |
|---|---|
| Format: | Ukendt |
| Sprog: | Spanish |
| Udgivet: |
Cuba :
Editorial José Martí,
1997.
|
| Fag: | |
| Tags: |
Tilføj Tag
Ingen Tags, Vær først til at tagge denne postø!
|
MARC
| LEADER | 000000000a22000000004500 | ||
|---|---|---|---|
| 001 | 003463 | ||
| 020 | |a 959090098 | ||
| 041 | 0 | |a spa | |
| 082 | 0 | 4 | |a 398.269.729.1 |b V645e |
| 100 | 1 | |a Victori Ramos, María del Carmen | |
| 245 | 1 | 0 | |a Entre brujas, picaros y consejos / |c María del Carmen Victori Ramos. |
| 260 | 1 | |a Cuba : |b Editorial José Martí, |c 1997. | |
| 650 | 4 | |a HISTORIA Y CRITICISMO | |
| 650 | 4 | |a TRADICION ORAL | |
| 650 | 4 | |a CUBA | |
| 999 | |c 9685 |d 9685 | ||
| 942 | |c BK |h 398.269.729.1 V645e |2 z | ||
